000 00724nam a2200193 4500
001 139996
003 ES-MaACL
005 20230906195952.0
007 t|
008 070214q1916 sp r ||||1| spa d
100 1 _aSchmieden, Victor.
_9194488
245 1 0 _aCurso de operatoria quirúrgica para médicos y estudiantes /
_cpor el prof. Dr. Victor Schmieden ; versión directa al español de la 3ª edición alemana por el Dr. Juan Marimón.
260 _aBarcelona :
_bSociedad General de Publicaciones,
_c[1916?]
300 _aIV, 460 p. ;
_c24 x 16 cm.
500 _aEjemplar falto de portada y de alguna página al final.
700 1 _aMarimón, Juan.
_976728
852 _aES-MaACL
_jB-11572
999 _c139996
_d139996